Statistics for Most spoken Native American languages

Click here to take the quiz!

General Stats

  • This quiz has been taken 31 times
  • The average score is 9 of 20

Answer Stats

SpeakersLanguage% Correct
10 milQuechua
100%
170KNavajo
86%
2,5 milAymara
82%
6,5 milGuaraní
82%
1,6 milNahuatl
82%
254KCh’ol Maya
73%
589KTzetzal Maya
73%
550KTzotzil Maya
73%
774KYucatec Maya
73%
200KMapudungun
68%
526KMixtec
45%
490KZapotec
41%
168KHuastec
14%
420KWayuu
14%
256KTotonac
9%
225KNgäbere
5%
298KOtomí
5%
153KMazahua
0%
237KMazatec
0%
147KTlapanec
0%

Score Distribution

Percentile by Number Answered

Percent of People with Each Score

Your Score History

You have not taken this quiz